Politically incorrect: the emerging faith factor in American politics
| Main Author: | |
|---|---|
| Format: | Print Book |
| Language: | English |
| Subito Delivery Service: | Order now. |
| Check availability: | HBZ Gateway |
| WorldCat: | WorldCat |
| Interlibrary Loan: | Interlibrary Loan for the Fachinformationsdienste (Specialized Information Services in Germany) |
| Published: |
Dallas [u.a.]
Word Publ.
1994
|
| In: | Year: 1994 |
| Reviews: | [Rezension von: Reed, Ralph, Politically Incorrect: The Emerging Faith Factor in American Politics] (1996) (Wilcox, Clyde)
|
| Standardized Subjects / Keyword chains: | B
USA
/ Evangelical movement
/ Christian Coalition
B USA / Christianity / Politics |
| Further subjects: | B
Christian Sociology
United States
B Christianity and politics History 20th century B Conservatism Religious aspects Christianity B Evangelicalism History 20th century United States |
MARC
| LEADER | 00000cam a2200000 c 4500 | ||
|---|---|---|---|
| 001 | 1611755476 | ||
| 003 | DE-627 | ||
| 005 | 20251225194531.0 | ||
| 007 | tu | ||
| 008 | 970108s1994 xxu||||| 00| ||eng c | ||
| 010 | |a 94028095 | ||
| 020 | |a 0849911729 |9 0-8499-1172-9 | ||
| 035 | |a (DE-627)1611755476 | ||
| 035 | |a (DE-576)056458983 | ||
| 035 | |a (DE-599)BSZ056458983 | ||
| 035 | |a (OCoLC)832284947 | ||
| 035 | |a (OCoLC)30700854 | ||
| 040 | |a DE-627 |b ger |c DE-627 |e rakwb | ||
| 041 | |a eng | ||
| 044 | |c XD-US |c XA-GB |c XD-CA | ||
| 050 | 0 | |a BR115.C66 | |
| 082 | 0 | |a 320.550973 | |
| 082 | 0 | |a 320.5/5/0973 | |
| 084 | |a 1 |2 ssgn | ||
| 084 | |a 7,26 |2 ssgn | ||
| 084 | |a 15.87 |2 bkl | ||
| 100 | 1 | |0 (DE-588)172807999 |0 (DE-627)697738337 |0 (DE-576)176393781 |4 aut |a Reed, Ralph |d 1961- | |
| 109 | |a Reed, Ralph 1961- |a Reed, Ralph E. 1961- | ||
| 191 | |a 1 | ||
| 245 | 1 | 0 | |a Politically incorrect |b the emerging faith factor in American politics |c Ralph Reed |
| 264 | 1 | |a Dallas [u.a.] |b Word Publ. |c 1994 | |
| 300 | |a XVI, 312 S. | ||
| 336 | |a Text |b txt |2 rdacontent | ||
| 337 | |a ohne Hilfsmittel zu benutzen |b n |2 rdamedia | ||
| 338 | |a Band |b nc |2 rdacarrier | ||
| 500 | |a Includes bibliographical references and index | ||
| 583 | 1 | |a Archivierung prüfen |c 20200919 |f DE-640 |z 1 |2 pdager | |
| 583 | 1 | |a Archivierung/Langzeitarchivierung gewährleistet |f SSG |x XA-DE-BW |2 pdager |5 DE-21 | |
| 583 | 1 | |a Archivierung prüfen |c 20240324 |f DE-4165 |z 1 |2 pdager | |
| 650 | 0 | |a Conservatism |x Religious aspects |x Christianity | |
| 650 | 0 | |a Christian Sociology |x United States | |
| 650 | 0 | |a Christianity and politics |x History |x 20th century | |
| 650 | 0 | |a Evangelicalism |x History |x 20th century |x United States | |
| 689 | 0 | 0 | |d g |0 (DE-588)4078704-7 |0 (DE-627)106076612 |0 (DE-576)209209682 |2 gnd |a USA |
| 689 | 0 | 1 | |d s |0 (DE-588)4153245-4 |0 (DE-627)105532347 |0 (DE-576)209801883 |2 gnd |a Evangelikale Bewegung |
| 689 | 0 | 2 | |d s |0 (DE-588)4442481-4 |0 (DE-627)22487943X |0 (DE-576)212485385 |2 gnd |a Christian Coalition |
| 689 | 0 | |5 (DE-627) | |
| 689 | 1 | 0 | |d g |0 (DE-588)4078704-7 |0 (DE-627)106076612 |0 (DE-576)209209682 |2 gnd |a USA |
| 689 | 1 | 1 | |d s |0 (DE-588)4010074-1 |0 (DE-627)104493933 |0 (DE-576)20888579X |2 gnd |a Christentum |
| 689 | 1 | 2 | |d s |0 (DE-588)4046514-7 |0 (DE-627)104152206 |0 (DE-576)209069945 |2 gnd |a Politik |
| 689 | 1 | |5 (DE-627) | |
| 787 | 0 | 8 | |i Rezensiert in |a Wilcox, Clyde |t [Rezension von: Reed, Ralph, Politically Incorrect: The Emerging Faith Factor in American Politics] |d 1996 |w (DE-627)1822411459 |
| 889 | |w (DE-627)164699961 | ||
| 935 | |a mteo | ||
| 935 | |i mdedup | ||
| 936 | b | k | |a 15.87 |j USA |x Geschichte |0 (DE-627)181569760 |
| 951 | |a BO | ||
| ELC | |b 1 | ||
| ITA | |a 1 |t 1 | ||
| LOK | |0 000 xxxxxcx a22 zn 4500 | ||
| LOK | |0 001 316247275X | ||
| LOK | |0 003 DE-627 | ||
| LOK | |0 004 1611755476 | ||
| LOK | |0 005 19980312000000 | ||
| LOK | |0 008 970108||||||||||||||||ger||||||| | ||
| LOK | |0 040 |a DE-21 |c DE-627 |d DE-21 | ||
| LOK | |0 852 |a DE-21 | ||
| LOK | |0 852 1 |c 36 A 20394 |9 00 | ||
| LOK | |0 935 |a theo | ||
| LOK | |0 936ln |a t4.13 | ||
| LOK | |0 939 |a 08-01-97 |b l01 | ||
| ORI | |a SA-MARC-ixtheoa001.raw | ||
| REL | |a 1 | ||
| STA | 0 | 0 | |a Christian Coalition,Christianity,Christian world view,World view,Christian ideology,Evangelical movement,Politics,Politics and government,Politics, Practical,Politics in art,USA,USA,Middle West,USA,USA,USA,USA,USA,America,Confederate States of America,Midwest |
| STB | 0 | 0 | |a Christian Coalition,Christianisme,Christianisme,Mouvement évangélique,Politique,Politique,Pratiques politiques |
| STC | 0 | 0 | |a Coalición Cristiana,Cristianismo,Cristianismo,Cristiandad,Cristiandad,Cristiandad (Motivo),Cristiandad,Movimiento evangelical,Política,Política |
| STD | 0 | 0 | |a Christian Coalition,Cristianesimo,Cristianesimo,Movimento evangelicale,Politica,Politica |
| STE | 0 | 0 | |a 基督教,基督教,基督教世界观,基督教联盟,美国基督徒联盟,美国基督教联盟,政治,政治,福音派运动,福音派 |
| STF | 0 | 0 | |a 基督教,基督教,基督教世界觀,基督教聯盟,美國基督徒聯盟,美國基督教聯盟,政治,政治,福音派運動,福音派 |
| STG | 0 | 0 | |a Coalização Cristã,Cristianismo,Cristianismo,Cristandade,Cristandade,Cristandade (Motivo),Cristandade,Movimento evangelical,Política,Política |
| STH | 0 | 0 | |a Евангельское движение,Политика (мотив),Политика,Христианская коалиция,Христианство (мотив),Христианство |
| STI | 0 | 0 | |a Christian Coalition,Χριστιανικός Συνασπισμός,Ευαγγελικό κίνημα,Πολιτική (μοτίβο),Πολιτική,Χριστιανισμός (μοτίβο),Χριστιανισμός |
| SUB | |a REL | ||
| SYG | 0 | 0 | |a United States,United States of America,Vereinigte Staaten,Vereinigte Staaten von Amerika , United States of America,Vereinigte Staaten von Amerika,Amerika <USA>,United States of America,Vereinigte Staaten von Amerika,Amerika <USA>,USA,USA,Nord,Nördliche Vereinigte Staaten,Nordwestamerika,USA,Nordwest,Pazifischer Nordwesten,Mittlerer Westen,USA,Middle West,Mittelwesten,Midwest,USA,Nordost,Nordöstliche Vereinigte Staaten,USA,Südost,Südöstliche Vereinigte Staaten,USA,Ost,Östliche Vereinigte Staaten,Südwestliche USA,USA,Südweststaaten,Südwestliche Vereinigte Staaten,USA,Südwest,USA,West,Westliche Vereinigte Staaten,Nordamerikanische Südstaaten,Konföderierte Staaten von Amerika,Confederate States of America,Südliche Vereinigte Staaten,Südatlantische Staaten,Südöstliche Staaten,United States of America,Vereinigte Staaten von Amerika,Nordamerika,Amerika,United States,United States of America,Etats Unis,Etats-Unis,Vereinigte Staaten,Estados Unidos de America,EEUU,Vereinigte Staaten von Nordamerika,Soedinennye Štaty Ameriki,SŠA,Stany Zjednoczone Ameryki Północnej,Hēnōmenai Politeiai tēs Boreiu Amerikēs,Hēnōmenes Politeies tēs Amerikēs,HēPA,Ēnōmenes Politeies tēs Amerikēs,ĒPA,Meiguo,Etats-Unis d'Amérique,US , Evangelikalismus , United States,United States of America,Vereinigte Staaten,Vereinigte Staaten von Amerika , United States of America,Vereinigte Staaten von Amerika,Amerika <USA>,United States of America,Vereinigte Staaten von Amerika,Amerika <USA>,USA,USA,Nord,Nördliche Vereinigte Staaten,Nordwestamerika,USA,Nordwest,Pazifischer Nordwesten,Mittlerer Westen,USA,Middle West,Mittelwesten,Midwest,USA,Nordost,Nordöstliche Vereinigte Staaten,USA,Südost,Südöstliche Vereinigte Staaten,USA,Ost,Östliche Vereinigte Staaten,Südwestliche USA,USA,Südweststaaten,Südwestliche Vereinigte Staaten,USA,Südwest,USA,West,Westliche Vereinigte Staaten,Nordamerikanische Südstaaten,Konföderierte Staaten von Amerika,Confederate States of America,Südliche Vereinigte Staaten,Südatlantische Staaten,Südöstliche Staaten,United States of America,Vereinigte Staaten von Amerika,Nordamerika,Amerika,United States,United States of America,Etats Unis,Etats-Unis,Vereinigte Staaten,Estados Unidos de America,EEUU,Vereinigte Staaten von Nordamerika,Soedinennye Štaty Ameriki,SŠA,Stany Zjednoczone Ameryki Północnej,Hēnōmenai Politeiai tēs Boreiu Amerikēs,Hēnōmenes Politeies tēs Amerikēs,HēPA,Ēnōmenes Politeies tēs Amerikēs,ĒPA,Meiguo,Etats-Unis d'Amérique,US , Christianity,Christliche Mission,Missionierung,Christenheit,Christianitas,Christliche Religion,Christliche Weltanschauung , Staatspolitik,Politische Lage,Politische Entwicklung,Politics,Public policy,Staatspolitik,Politische Lage,Politische Entwicklung,Politische Situation |